书目信息 |
| 题名: |
实用信息检索
|
|
| 作者: | 张林龙 编著 | |
| 分册: | ||
| 出版信息: | 上海 上海中医学院出版社 2004.12 |
|
| 页数: | 171页 | |
| 开本: | 26cm | |
| 丛书名: | ||
| 单 册: | ||
| 中图分类: | G252.7 | |
| 科图分类: | ||
| 主题词: | 情报检索--qing bao jian suo--基本知识 | |
| 电子资源: | ||
| ISBN: | 7-81010-844-1 | |
| 000 | 00721nam0 2200229 45 | |
| 001 | 012005000000 | |
| 005 | 20061115153937.82 | |
| 010 | @a7-81010-844-1@dCNY26.00 | |
| 100 | @a20051227d2004 em y0chiy0121 ea | |
| 101 | 0 | @achi |
| 102 | @aCN@b310000 | |
| 105 | @ay a 000yy | |
| 200 | 1 | @a实用信息检索@Ashi yong xin xi jian suo@f张林龙编著 |
| 210 | @a上海@c上海中医学院出版社@d2004.12 | |
| 215 | @a171页@d26cm | |
| 320 | @a有书目 | |
| 330 | @a本书结合日常工作、生活实践的需要, 用通俗易懂的语言, 深入浅出、系统地介绍了信息检索的基础知识。 | |
| 606 | 0 | @a情报检索@Aqing bao jian suo@x基本知识 |
| 690 | @aG252.7@v4 | |
| 701 | 0 | @a张林龙@Azhang lin long@4编著 |
| 801 | 0 | @aCN@c20061115 |
| 905 | @apdsgxy@dG252.7@eZ130 | |
| 实用信息检索/张林龙编著.-上海:上海中医学院出版社,2004.12 |
| 171页;26cm |
| ISBN 7-81010-844-1:CNY26.00 |
| 本书结合日常工作、生活实践的需要, 用通俗易懂的语言, 深入浅出、系统地介绍了信息检索的基础知识。 |
| ● |
| 相关链接 |
|
|
|
正题名:实用信息检索
索取号:G252.7/Z130
 
预约/预借
| 序号 | 登录号 | 条形码 | 馆藏地/架位号 | 状态 | 备注 |
| 1 | 637732 | 206377320 | 社科库409/409社科库 59排4列5层/ [索取号:G252.7/Z130] | 在馆 | |
| 2 | 637733 | 206377339 | 社科库409/409社科库 59排4列5层/ [索取号:G252.7/Z130] | 在馆 | |
| 3 | 637734 | 206377348 | 社科库409/409社科库 59排4列5层/ [索取号:G252.7/Z130] | 在馆 |